Riadenie vzťahov so zákazníkom bakalárska práca

Salvato in:
Dettagli Bibliografici
Autore principale: Korbulcová, Veronika
Ente Autore: Podnikovohospodárska fakulta EU so sídlom v Košiciach. Katedra obchodného podnikania
Altri autori: Pružinský, Michal, 1952-
Natura: Libro
Lingua:slovacco
Pubblicazione: Košice 2018
Tags: Aggiungi Tag
Nessun Tag, puoi essere il primo ad aggiungerne!!

MARC

LEADER 00000nbm a2200000 4500
001 0245701
005 20181023140316.0
041 0 |a slo 
044 |a SK 
245 1 0 |a Riadenie vzťahov so zákazníkom  |b bakalárska práca  |c Veronika Korbulcová ; školiteľ: Michal Pružinský 
264 1 |a Košice  |c 2018 
300 |a 51 s. 
100 1 |a Korbulcová, Veronika 
700 1 |a Pružinský, Michal, 1952- 
710 2 |a Podnikovohospodárska fakulta EU so sídlom v Košiciach. Katedra obchodného podnikania